Problémy pri prenose výkonu v európskej prenosovej sústave

Uložené v:
Podrobná bibliografia
Hlavný autor: Martinez Espinosa, Hugo Andres (Autor)
Ďalší autori: Eleschová, Žaneta (Vedúci práce)
Médium: Rukopis Kniha
Jazyk:Slovak
Vydavateľské údaje: 2016
Predmet:
On-line prístup:http://is.stuba.sk/zp/portal_zp.pl?podrobnosti=131258
Tagy: Pridať tag
Žiadne tagy, Buďte prvý, kto otaguje tento záznam!

MARC

LEADER 00000ntm a22000003a 4500
001 stuzp54189
003 SK-STU
005 20160719154615.9
007 ta
008 150427s2015----xo-----f-mn---000-0-slo-d
040 |a STU  |b slo 
041 0 |a slo 
044 |a xo 
100 1 |a Martinez Espinosa, Hugo Andres  |u 032000  |k Z4  |4 aut  |U FEI Fakulta elektrotechniky a informatiky  |T FEI Ústav elektroenergetiky a aplikovanej elektrotechniky  |X 6105  |U E020  |Y 548  |7 A000006105 
242 0 1 |a ISSUES IN THE ELECTRICAL POWER TRANSMISSION ACROSS THE EUROPEAN ELECTRICAL POWER GRID  |y eng 
245 1 0 |a Problémy pri prenose výkonu v európskej prenosovej sústave 
260 |c 2016 
300 |a 85 s. 
650 4 |a FACTS  |2 slo 
650 4 |a PST  |2 slo 
650 4 |a prenos elektrickej energie  |2 slo 
650 4 |a európska elektrizačná sústava  |2 slo 
650 4 |a neplánované toky  |2 slo 
650 4 |a HVDC  |2 slo 
650 4 |a HVDC  |2 eng 
650 4 |a power transmission  |2 eng 
650 4 |a European Power Grid  |2 eng 
650 4 |a PST  |2 eng 
650 4 |a FACTS  |2 eng 
650 4 |a loop flows  |2 eng 
700 1 |a Eleschová, Žaneta  |u 032000  |k Z1  |4 ths  |U FEI Fakulta elektrotechniky a informatiky  |T FEI Ústav elektroenergetiky a aplikovanej elektrotechniky  |X 1875  |U E020  |Y 548  |7 A000001875 
856 4 |u http://is.stuba.sk/zp/portal_zp.pl?podrobnosti=131258 
996 |b 284EP11319  |c E*DIPL- 11319  |l EE32  |s P  |a 0  |w stuzp54189_0001 
SQL |a stuzp54189  |b DDP  |c SLO  |d Problémy pri prenose výkonu v európskej prenosovej sústave  |e 6105  |f Martinez Espinosa, Hugo Andres  |g 032000  |h 1875  |i Eleschová, Žaneta  |j 20160615  |k 1171  |l 03  |m http://is.stuba.sk/zp/portal_zp.pl?podrobnosti=131258  |n I-ENE  |o 5.2.9. elektrotechnika